[Event "XXVI Memorial Edoardo Crespi A"]
[Site "Milano ITA"]
[Date "2005.12.08"]
[Round "3"]
[White "Salvador, Roland"]
[Black "Jara, Erik"]
[Result "1-0"]
[WhiteElo "2397"]
[BlackElo "2139"]
[PlyCount "67"]
[EventDate "2005.12.07"]

1. d4 Nf6 2. Nf3 b6 3. g3 Bb7 4. Bg2 e6 5. O-O c5 6. c4 cxd4 7. Qxd4 Nc6 8. Qf4
Be7 9. e4 O-O 10. Rd1 d6 11. Nc3 Qb8 12. b3 Ne5 13. Ba3 Nxf3+ 14. Bxf3 e5 15.
Qe3 Bc6 16. Rd2 a6 17. Rad1 Rd8 18. Bb4 Qc7 19. a4 h6 20. Rd3 Rab8 21. Qc1 Qb7
22. Bxd6 Bxd6 23. Rxd6 Rxd6 24. Rxd6 Nxe4 25. Rxc6 Qxc6 26. Bxe4 Qc5 27. Qd1
Qa3 28. Bd5 Re8 29. Qf3 Re7 30. Ne4 Rc7 31. c5 bxc5 32. Nd6 e4 33. Bxf7+ Kh8
34. Qxe4 1-0

[Event "XXVI Memorial Edoardo Crespi A"]
[Site "Milano ITA"]
[Date "2005.12.08"]
[Round "3"]
[White "Tencati, Giuseppe"]
[Black "D'Apa, Matteo"]
[Result "0-1"]
[WhiteElo "2132"]
[BlackElo "2004"]
[PlyCount "96"]
[EventDate "2005.12.07"]

1. d4 d5 2. c4 c6 3. Nf3 Nf6 4. Qc2 e6 5. Bg5 Be7 6. e3 Nbd7 7. Nc3 b6 8. Bd3
Bb7 9. O-O h6 10. Bh4 O-O 11. Rad1 Rc8 12. Ne5 c5 13. Qe2 a6 14. cxd5 exd5 15.
Nxd7 Nxd7 16. Bxe7 Qxe7 17. Bxa6 Bxa6 18. Qxa6 Ra8 19. Qe2 Nf6 20. a3 c4 21.
Rfe1 Rfe8 22. f3 Qd7 23. e4 b5 24. Qd2 Rab8 25. e5 Nh7 26. Na2 Re6 27. f4 f5
28. Nc3 Nf8 29. Qc2 Reb6 30. Na2 Ng6 31. Rf1 Ne7 32. Nb4 Nc6 33. Nxc6 Rxc6 34.
Rc1 b4 35. Qa4 bxa3 36. bxa3 Qb7 37. Qc2 g6 38. Rb1 Rb6 39. Rxb6 Qxb6 40. Rd1
Qa7 41. a4 Rb3 42. Qe2 Qxa4 43. e6 Re3 44. Qxe3 Qxd1+ 45. Kf2 Qc2+ 46. Ke1 Qe4
47. Qxe4 fxe4 48. Kd2 h5 0-1

[Event "XXVI Memorial Edoardo Crespi A"]
[Site "Milano ITA"]
[Date "2005.12.08"]
[Round "3"]
[White "Van Hoolandt, Patrick"]
[Black "Bonade', Massimo"]
[Result "0-1"]
[WhiteElo "2185"]
[BlackElo "2070"]
[PlyCount "116"]
[EventDate "2005.12.07"]

1. d4 d5 2. c4 e6 3. Nf3 Nf6 4. Nc3 Be7 5. Qc2 O-O 6. cxd5 exd5 7. Bg5 Nbd7 8.
e3 c6 9. Bd3 Re8 10. h3 Nf8 11. O-O g6 12. Bf4 Ne6 13. Bh2 Ng7 14. Rab1 a5 15.
a3 Bf5 16. Rfc1 Bxd3 17. Qxd3 Nf5 18. Ne5 Nd7 19. Nxd7 Qxd7 20. Na4 Ra7 21. Qb3
Bd6 22. Nc5 Bxh2+ 23. Kxh2 Qc7+ 24. Kg1 Nd6 25. Qc2 Qe7 26. b3 Nb5 27. Ra1 Nd6
28. Ra2 Rea8 29. Qd1 Ne4 30. Nxe4 Qxe4 31. Rc5 Ra6 32. Rb2 Kg7 33. Kf1 R8a7 34.
Qg4 Qd3+ 35. Qe2 Qe4 36. Qd2 Kf8 37. f3 Qe7 38. a4 Ra8 39. Rbc2 Kg8 40. R2c3
Rb6 41. Rd3 Rba6 42. Qc3 R6a7 43. Rd2 Ra6 44. Re2 f5 45. Kg1 Qf7 46. e4 fxe4
47. fxe4 Rf8 48. Qe1 Rb6 49. exd5 Qf4 50. Qf2 Rxb3 51. Qxf4 Rxf4 52. Rxa5 Kg7
53. dxc6 bxc6 54. Re7+ Kf6 55. Rxh7 Rb1+ 56. Kh2 Rxd4 57. Raa7 Rbb4 58. a5 Ra4
0-1

[Event "XXVI Memorial Edoardo Crespi A"]
[Site "Milano ITA"]
[Date "2005.12.08"]
[Round "3"]
[White "Zanetti, Alberto"]
[Black "Barberi, Alessandro"]
[Result "0-1"]
[WhiteElo "2219"]
[BlackElo "2110"]
[PlyCount "80"]
[EventDate "2005.12.07"]

1. e4 g6 2. d4 Bg7 3. Nc3 d6 4. Be3 a6 5. Qd2 Nd7 6. O-O-O b5 7. f3 Bb7 8. h4
Rc8 9. h5 c5 10. h6 Bxd4 11. Bxd4 cxd4 12. Qxd4 Ngf6 13. Nh3 Qb6 14. g4 Qxd4
15. Rxd4 Ne5 16. Be2 O-O 17. Rg1 Rfd8 18. g5 Ne8 19. Nf2 e6 20. Rgd1 Nc6 21.
R4d2 Ne7 22. a3 Rc5 23. f4 Rdc8 24. Ng4 Rxc3 25. bxc3 Bxe4 26. Kb2 Nd5 27. Nf2
Bf5 28. Rxd5 exd5 29. Rxd5 Kf8 30. Rd4 Ke7 31. a4 Nc7 32. axb5 axb5 33. Rb4 Nd5
34. Rxb5 Nxf4 35. Bd3 Bd7 36. Rb7 Ke6 37. c4 Bc6 38. Ra7 Bf3 39. Kc3 Rc5 40.
Ra8 Bxa8 0-1

[Event "XXVI Memorial Edoardo Crespi A"]
[Site "Milano ITA"]
[Date "2005.12.09"]
[Round "4"]
[White "Barberi, Alessandro"]
[Black "Salvador, Roland"]
[Result "1/2-1/2"]
[WhiteElo "2110"]
[BlackElo "2397"]
[PlyCount "124"]
[EventDate "2005.12.07"]

1. d4 d5 2. c4 e5 3. dxe5 d4 4. Nf3 Nc6 5. g3 Nge7 6. Bg2 Ng6 7. Qb3 a5 8. Bg5
a4 9. Qd3 Bb4+ 10. Nbd2 Qd7 11. e3 Ngxe5 12. Nxe5 Nxe5 13. Qxd4 f6 14. Bf4 Nd3+
15. Ke2 Nxf4+ 16. gxf4 Qxd4 17. exd4 O-O 18. Nf1 Bd6 19. Ne3 c6 20. f5 Re8 21.
Kd3 c5 22. d5 Bf4 23. Be4 Re5 24. Rag1 Bxe3 25. fxe3 b5 26. Rg4 g5 27. cxb5 Bd7
28. Kc4 h5 29. d6 Rd8 30. Bd5+ Rxd5 31. Rxg5+ fxg5 32. Kxd5 Bxb5 33. e4 Rc8 34.
Rg1 Kf7 35. e5 Bc6+ 36. Kxc5 Be4+ 37. Kb4 g4 38. e6+ Kf6 39. d7 Rb8+ 40. Kc5
Ke7 41. f6+ Kxe6 42. Re1 Kxd7 43. Rxe4 Rf8 44. Re7+ Kd8 45. Re6 h4 46. Ra6 Kd7
47. Rxa4 Rg8 48. f7 Rg5+ 49. Kb6 Ke7 50. Rf4 Kf8 51. b4 g3 52. hxg3 hxg3 53.
Rf1 Rg4 54. Ka5 g2 55. Rg1 Kxf7 56. b5 Ke7 57. Kb6 Kd7 58. a4 Kc8 59. a5 Kb8
60. Ka6 Rg6+ 61. b6 Rg5 62. Re1 Rg8 1/2-1/2

[Event "XXVI Memorial Edoardo Crespi A"]
[Site "Milano ITA"]
[Date "2005.12.09"]
[Round "4"]
[White "Barlocco, Carlo"]
[Black "Piantoni, Pierino"]
[Result "1-0"]
[WhiteElo "2224"]
[BlackElo "1974"]
[PlyCount "55"]
[EventDate "2005.12.07"]

1. g3 Na6 2. Bg2 Rb8 3. Nf3 b6 4. O-O Bb7 5. d4 Nf6 6. Nc3 e6 7. Bg5 h6 8. Bxf6
Qxf6 9. e4 g5 10. Qd2 Be7 11. Rae1 d6 12. e5 dxe5 13. Nxe5 Bxg2 14. Kxg2 Rd8
15. f4 g4 16. Qe2 Nb8 17. f5 Qg5 18. fxe6 f6 19. Nf7 Qh5 20. Nxh8 Qh3+ 21. Kh1
Rxd4 22. Ng6 Nc6 23. Nf4 Rxf4 24. Rxf4 Ne5 25. Qa6 Nf3 26. Qc8+ Bd8 27. Qd7+
Kf8 28. Qf7# 1-0

[Event "XXVI Memorial Edoardo Crespi A"]
[Site "Milano ITA"]
[Date "2005.12.09"]
[Round "4"]
[White "Bonade', Massimo"]
[Black "Ramiro Ovejero, Juan Luis"]
[Result "0-1"]
[WhiteElo "2070"]
[BlackElo "2332"]
[PlyCount "52"]
[EventDate "2005.12.07"]

1. d4 d5 2. c4 Nc6 3. Nf3 Bg4 4. cxd5 Bxf3 5. dxc6 Bxc6 6. Nc3 e6 7. e4 Bb4 8.
f3 Qh4+ 9. g3 Qh5 10. Bg2 O-O-O 11. Be3 f5 12. O-O Bxc3 13. bxc3 Nf6 14. e5 Nd5
15. Qd2 Nxe3 16. Qxe3 g5 17. f4 Bxg2 18. Kxg2 g4 19. Rf2 Qe8 20. Rb1 Qc6+ 21.
Kg1 h5 22. d5 Rxd5 23. Qxa7 b6 24. Qa3 h4 25. c4 hxg3 26. cxd5 gxf2+ 0-1

[Event "XXVI Memorial Edoardo Crespi A"]
[Site "Milano ITA"]
[Date "2005.12.09"]
[Round "4"]
[White "Bonazzi, Edoardo"]
[Black "Bozzali, Ermanno"]
[Result "0-1"]
[WhiteElo "2161"]
[BlackElo "2108"]
[PlyCount "60"]
[EventDate "2005.12.07"]

1. Nf3 f5 2. c4 Nf6 3. Nc3 g6 4. g3 Bg7 5. Bg2 d6 6. O-O e5 7. d3 Nc6 8. Rb1 h6
9. b4 O-O 10. b5 Ne7 11. a4 Be6 12. Ba3 g5 13. Nd2 Rb8 14. Qb3 Qd7 15. Nd5 f4
16. a5 Nfxd5 17. cxd5 Bg4 18. Rfe1 Nf5 19. Bb2 Nd4 20. Bxd4 exd4 21. b6 cxb6
22. axb6 a6 23. Ne4 Be5 24. Rbc1 Rbc8 25. Qa3 Rxc1 26. Rxc1 Rc8 27. Rxc8+ Qxc8
28. f3 Bd7 29. Nxd6 Qc3 30. Nc4 Qe1+ 0-1

[Event "XXVI Memorial Edoardo Crespi A"]
[Site "Milano ITA"]
[Date "2005.12.09"]
[Round "4"]
[White "Candura, Stefano"]
[Black "Grillo, Francesco"]
[Result "1-0"]
[WhiteElo "2039"]
[BlackElo "2037"]
[PlyCount "105"]
[EventDate "2005.12.07"]

1. d4 d5 2. Nf3 Nf6 3. e3 c6 4. c4 e6 5. Nc3 Nbd7 6. Qc2 Bd6 7. cxd5 exd5 8.
Bd3 O-O 9. O-O Re8 10. a3 a5 11. Bd2 Qe7 12. Rfc1 Ne4 13. Rab1 Ndf6 14. Be1 Bg4
15. Nd2 Ng5 16. Nf1 g6 17. Na4 Nh5 18. b4 axb4 19. axb4 Rac8 20. Nb6 Rb8 21.
Qb3 f5 22. f4 Nxf4 23. exf4 Bxf4 24. Bf2 Nf3+ 25. gxf3 Bxf3 26. Re1 Qg5+ 27.
Bg3 Re3 28. Rxe3 Bxe3+ 29. Nxe3 Qxe3+ 30. Kf1 Qd2 31. Bf2 Re8 32. Qc2 Be2+ 33.
Kg2 Qg5+ 34. Bg3 Qg4 35. Rf1 Bxf1+ 36. Kxf1 Qf3+ 37. Kg1 Re3 38. Bf1 f4 39. Bg2
Qg4 40. Bf2 Re2 41. Qd3 Re4 42. Qf3 Qf5 43. Qh3 Qg5 44. Qc8+ Kg7 45. h4 Qh5 46.
Qxb7+ Kh6 47. Bxe4 dxe4 48. Qxc6 Qg4+ 49. Kh2 f3 50. Bg3 e3 51. Qc8 Qxc8 52.
Nxc8 Kh5 53. b5 1-0

[Event "XXVI Memorial Edoardo Crespi A"]
[Site "Milano ITA"]
[Date "2005.12.09"]
[Round "4"]
[White "Canova, Luca"]
[Black "Kopischke, Maik"]
[Result "1-0"]
[WhiteElo "2103"]
[BlackElo "2007"]
[PlyCount "57"]
[EventDate "2005.12.07"]

1. e4 d6 2. d4 Nf6 3. Nc3 g6 4. f3 Bg7 5. Be3 c6 6. Qd2 O-O 7. Bh6 Qc7 8. O-O-O
b5 9. h4 b4 10. Nb1 Qa5 11. g4 Nbd7 12. h5 Re8 13. Bxg7 Kxg7 14. hxg6 fxg6 15.
Qh6+ Kg8 16. e5 dxe5 17. Bc4+ e6 18. g5 Nh5 19. Rxh5 gxh5 20. Bxe6+ Kh8 21. g6
Re7 22. Bf7 Rxf7 23. gxf7 Qd8 24. dxe5 Qf8 25. Qf4 Qe7 26. Nh3 Nf8 27. Rg1 Ng6
28. Rxg6 Bxh3 29. e6 1-0

[Event "XXVI Memorial Edoardo Crespi A"]
[Site "Milano ITA"]
[Date "2005.12.09"]
[Round "4"]
[White "Capata, Ion"]
[Black "Zanetti, Alberto"]
[Result "0-1"]
[WhiteElo "2090"]
[BlackElo "2219"]
[PlyCount "98"]
[EventDate "2005.12.07"]

1. e4 d5 2. exd5 c6 3. dxc6 Nxc6 4. Nf3 e5 5. Nc3 Bd6 6. Bc4 Nf6 7. d3 O-O 8.
Bg5 h6 9. Bxf6 gxf6 10. Nh4 f5 11. Qh5 Qg5 12. Qxg5+ hxg5 13. Nf3 g4 14. Nd2 a6
15. h3 Kg7 16. hxg4 fxg4 17. Nde4 Be7 18. Nd5 Bd8 19. O-O-O b5 20. Bb3 Nd4 21.
Rh5 Rh8 22. Rxh8 Kxh8 23. Nd6 Be6 24. Ne3 Nxb3+ 25. axb3 Kg7 26. Rh1 Bg5 27.
Kd1 Kg6 28. Ne4 Be7 29. f3 f5 30. Nf2 g3 31. Nh3 Rd8 32. Kd2 Bc5 33. Ra1 Bc8
34. f4 e4 35. Rd1 exd3 36. cxd3 Bb7 37. Ng5 Bxe3+ 38. Kxe3 Bxg2 39. Nf3 Kh5 40.
d4 Kg4 41. Ng1 b4 42. Kd3 Bd5 43. Ke3 a5 44. Ne2 Kh3 45. Nc1 Kh2 46. Ne2 Bxb3
47. Kd3 g2 48. d5 Bxd5 49. Kd4 Bf3+ 0-1

[Event "XXVI Memorial Edoardo Crespi A"]
[Site "Milano ITA"]
[Date "2005.12.09"]
[Round "4"]
[White "Carraminana Lopez, Luis Antonio"]
[Black "Fiorili, Roberto"]
[Result "1/2-1/2"]
[WhiteElo "2072"]
[BlackElo "1963"]
[PlyCount "39"]
[EventDate "2005.12.07"]

1. e4 c5 2. Nf3 d6 3. Bb5+ Bd7 4. Bxd7+ Nxd7 5. O-O e6 6. c3 Qc7 7. d4 Ngf6 8.
Re1 e5 9. Na3 a6 10. Nc2 Be7 11. Bg5 O-O 12. Ne3 Rfe8 13. dxe5 dxe5 14. Bxf6
Nxf6 15. Nd5 Nxd5 16. Qxd5 Bf8 17. Qb3 c4 18. Qc2 Rad8 19. Rad1 Rxd1 20. Rxd1
1/2-1/2

[Event "XXVI Memorial Edoardo Crespi A"]
[Site "Milano ITA"]
[Date "2005.12.09"]
[Round "4"]
[White "Cartella, Giovanni"]
[Black "Brigati, Alessandro"]
[Result "0-1"]
[WhiteElo "1937"]
[BlackElo "2006"]
[PlyCount "86"]
[EventDate "2005.12.07"]

1. d4 Nf6 2. Nf3 g6 3. Bg5 Bg7 4. e3 d6 5. Bd3 Nbd7 6. c3 b6 7. Nbd2 Bb7 8. Qa4
O-O 9. h4 h6 10. Bf4 Re8 11. O-O-O e5 12. Bg3 e4 13. Bb1 exf3 14. gxf3 Qe7 15.
Qc2 Nf8 16. Rhg1 Rad8 17. e4 c5 18. d5 Nh5 19. Nf1 Qf6 20. Nh2 Bc8 21. Qd2 Kh7
22. Bd3 a6 23. Kb1 b5 24. f4 Nxg3 25. Rxg3 c4 26. Bc2 Qxh4 27. Nf3 Qf6 28. Rdg1
b4 29. Nd4 bxc3 30. bxc3 Rd7 31. f5 Rb7+ 32. Kc1 h5 33. f4 Bh6 34. Nf3 Kh8 35.
Ng5 Qd8 36. fxg6 fxg6 37. f5 Kg8 38. Kd1 Rg7 39. Qd4 Re5 40. Nf3 Re8 41. Ng5
Bxg5 42. Rxg5 Re5 43. Qe3 Bxf5 0-1

[Event "XXVI Memorial Edoardo Crespi A"]
[Site "Milano ITA"]
[Date "2005.12.09"]
[Round "4"]
[White "Cavatorta, Fosco"]
[Black "Bettini, Massimo"]
[Result "1-0"]
[WhiteElo "1984"]
[BlackElo "1923"]
[PlyCount "91"]
[EventDate "2005.12.07"]

1. Nf3 d5 2. g3 c6 3. Bg2 Bg4 4. O-O h5 5. d3 h4 6. h3 Bxf3 7. exf3 hxg3 8.
fxg3 Nd7 9. Nc3 Ngf6 10. f4 e6 11. a3 Qc7 12. Qe2 O-O-O 13. b4 Nh5 14. Qf2 g5
15. Ne2 gxf4 16. Nxf4 Nxf4 17. Bxf4 e5 18. Bg5 f6 19. Bxf6 Nxf6 20. Qxf6 Bg7
21. Qe6+ Rd7 22. Rf7 Rh7 23. Rxd7 Qxd7 24. Qg8+ Kc7 25. Qxh7 e4 26. Kh2 Bxa1
27. Qxd7+ Kxd7 28. dxe4 b5 29. exd5 cxd5 30. Bxd5 Bb2 31. c4 a6 32. Bb7 bxc4
33. Bxa6 c3 34. Bd3 Bxa3 35. b5 Bd6 36. Kg2 Ke7 37. Kf3 Kf6 38. h4 Kg7 39. g4
Kh6 40. b6 Be5 41. b7 Kg7 42. Ke4 Bg3 43. Kd4 Kh6 44. Kxc3 Kg7 45. Kd4 Kh6 46.
Kd5 1-0

[Event "XXVI Memorial Edoardo Crespi A"]
[Site "Milano ITA"]
[Date "2005.12.09"]
[Round "4"]
[White "Cereda, Loris"]
[Black "Van Hoolandt, Patrick"]
[Result "0-1"]
[WhiteElo "2044"]
[BlackElo "2185"]
[PlyCount "44"]
[EventDate "2005.12.07"]

1. d4 Nf6 2. Nf3 e6 3. e3 c5 4. Bd3 d5 5. b3 Nbd7 6. Bb2 Qc7 7. Ne5 cxd4 8.
exd4 Nxe5 9. dxe5 Nd7 10. Qe2 Bb4+ 11. c3 Bc5 12. c4 Bb4+ 13. Nd2 dxc4 14. Bxc4
Nb6 15. Bb5+ Bd7 16. Rc1 Qd8 17. Bd3 Qg5 18. g3 Bc6 19. f4 Qe7 20. Be4 Bxd2+
21. Kxd2 Qb4+ 22. Kd1 Rd8+ 0-1

[Event "XXVI Memorial Edoardo Crespi A"]
[Site "Milano ITA"]
[Date "2005.12.09"]
[Round "4"]
[White "Cervini, Gian Piero"]
[Black "Casartelli, Fabio"]
[Result "1-0"]
[WhiteElo "2028"]
[BlackElo "1977"]
[PlyCount "89"]
[EventDate "2005.12.07"]

1. e4 e5 2. Nf3 Nf6 3. Nc3 Bb4 4. Nxe5 Bxc3 5. bxc3 d6 6. Nc4 Nxe4 7. Qf3 Qe7
8. Be2 O-O 9. O-O Nc6 10. Ba3 f5 11. Rfe1 Qg5 12. Bc1 d5 13. d3 f4 14. dxe4
dxc4 15. Bxc4+ Kh8 16. Be2 Ne5 17. Qh5 Qf6 18. g4 f3 19. Bg5 Qe6 20. Bd3 Bd7
21. h3 h6 22. Be3 Qf6 23. g5 Qf7 24. Qxf7 Rxf7 25. gxh6 gxh6 26. Kh2 Kh7 27.
Rg1 Re8 28. Rg3 Be6 29. a4 a5 30. Rag1 Bd7 31. Bb5 c6 32. Bd3 b5 33. axb5 cxb5
34. Bd4 a4 35. c4 b4 36. c5 Bc6 37. Bc4 Rd7 38. Bg8+ Kh8 39. Rg6 Bxe4 40. Rxh6+
Bh7 41. Bxh7 Rxh7 42. Rb6 Rh5 43. Rxb4 Ra8 44. Bxe5+ Rxe5 45. Rh4+ 1-0

[Event "XXVI Memorial Edoardo Crespi A"]
[Site "Milano ITA"]
[Date "2005.12.09"]
[Round "4"]
[White "Crimi, Alessandro"]
[Black "Bosi, Clint"]
[Result "0-1"]
[WhiteElo "1940"]
[BlackElo "2027"]
[PlyCount "122"]
[EventDate "2005.12.07"]

1. d4 Nf6 2. c4 g6 3. Nc3 Bg7 4. e4 d6 5. f4 e5 6. fxe5 dxe5 7. d5 O-O 8. Be2
Na6 9. Bg5 h6 10. Be3 c6 11. Qd2 Kh7 12. h3 Bd7 13. g4 cxd5 14. cxd5 Rc8 15. g5
Ng8 16. Bg4 f5 17. gxf6 Nxf6 18. Nge2 Nc5 19. Ng3 Bxg4 20. hxg4 Nxg4 21. Bg5
Nd3+ 22. Kd1 Nxb2+ 23. Kc2 Nc4 24. Bxd8 Nxd2 25. Be7 Rf7 26. d6 Rxe7 27. dxe7
Nc4 28. Rae1 Bf6 29. Rhf1 Nce3+ 30. Kd3 Nxf1 31. Rxf1 Kg7 32. Nd5 Re8 33. Rc1
Bh4 34. Nf1 Nf2+ 35. Ke3 Bg5+ 36. Kxf2 Bxc1 37. Nh2 Ba3 38. Nf3 Bxe7 39. Nc7
Rc8 40. Nd5 Bd6 41. Ke3 Rc4 42. Kd3 Ra4 43. Nc3 Ra3 44. Kc4 Rxc3+ 45. Kxc3 Kf6
46. Kc4 Ke6 47. Nh4 Kf6 48. Kd3 Ba3 49. Kc4 g5 50. Nf5 h5 51. Kd3 b5 52. Ne3 g4
53. Ke2 Kg5 54. Nd5 a5 55. Nc3 b4 56. Nb1 Kf4 57. Nd2 h4 58. Kf2 h3 59. Nf1 Bc1
60. Kg1 g3 61. Nh2 Be3+ 0-1

[Event "XXVI Memorial Edoardo Crespi A"]
[Site "Milano ITA"]
[Date "2005.12.09"]
[Round "4"]
[White "D'Alfonso, Nicola"]
[Black "Bevilacqua, Maurizio"]
[Result "1-0"]
[WhiteElo "2098"]
[BlackElo "2172"]
[PlyCount "69"]
[EventDate "2005.12.07"]

1. e4 c5 2. Nf3 e6 3. d4 cxd4 4. Nxd4 a6 5. c4 Nf6 6. Bd3 Qc7 7. Qe2 d6 8. O-O
Be7 9. Kh1 Nc6 10. Nxc6 bxc6 11. f4 e5 12. Nc3 O-O 13. f5 Bb7 14. g4 d5 15. g5
Nxe4 16. f6 Bb4 17. Nxe4 dxe4 18. Bxe4 g6 19. Qf3 Rab8 20. Be3 c5 21. Rad1 Bxe4
22. Qxe4 Ba5 23. Rd5 Qc6 24. b3 Rbe8 25. Qh4 Kh8 26. Qh6 Rg8 27. Rf3 Qe6 28.
Rh3 Qxh3 29. Qxh3 h5 30. gxh6 Kh7 31. Qd7 Rgf8 32. Bxc5 Rg8 33. Qxf7+ Kxh6 34.
Be3+ g5 35. h4 1-0

[Event "XXVI Memorial Edoardo Crespi A"]
[Site "Milano ITA"]
[Date "2005.12.09"]
[Round "4"]
[White "D'Apa, Matteo"]
[Black "Iudicello, Giovanni"]
[Result "0-1"]
[WhiteElo "2004"]
[BlackElo "2154"]
[PlyCount "94"]
[EventDate "2005.12.07"]

1. d4 Nf6 2. c4 g6 3. Nc3 Bg7 4. e4 d6 5. f3 O-O 6. Be3 e5 7. d5 Nh5 8. Qd2 f5
9. O-O-O Nd7 10. exf5 gxf5 11. g4 fxg4 12. fxg4 Nf4 13. Nge2 Nxe2+ 14. Bxe2 a6
15. g5 Qe7 16. g6 hxg6 17. Rhg1 Qe8 18. h4 Nf6 19. h5 gxh5 20. Rxg7+ Kxg7 21.
Bh6+ Kh8 22. Qg5 Rf7 23. Bxh5 Nxh5 24. Qxh5 Bf5 25. Bg5+ Bh7 26. Qh4 Qg8 27.
Rg1 Qg6 28. Ne4 Rf4 29. Bf6+ Qxf6 30. Qxf6+ Rxf6 31. Nxf6 Rf8 32. Nxh7 Kxh7 33.
Rg2 Rg8 34. Rf2 Kg7 35. Kd2 Rf8 36. Rg2+ Kf7 37. Ke3 Rh8 38. b3 a5 39. Ke4 b6
40. Rf2+ Ke7 41. a3 Rh3 42. Rb2 Rc3 43. Rb1 a4 44. bxa4 Rxc4+ 45. Ke3 Rxa4 46.
Rb3 Rd4 47. Rb5 Kf6 0-1

[Event "XXVI Memorial Edoardo Crespi A"]
[Site "Milano ITA"]
[Date "2005.12.09"]
[Round "4"]
[White "Di Marco, Ruggero"]
[Black "Mazzariol, Oscar"]
[Result "0-1"]
[WhiteElo "1922"]
[BlackElo "2065"]
[PlyCount "44"]
[EventDate "2005.12.07"]

1. d4 Nf6 2. c4 g6 3. Nc3 Bg7 4. e4 O-O 5. Nf3 d6 6. Be2 e5 7. O-O Nbd7 8. Be3
c6 9. d5 cxd5 10. cxd5 Nc5 11. Nd2 a5 12. f3 Ne8 13. b3 f5 14. a3 f4 15. Bf2 g5
16. b4 axb4 17. axb4 Rxa1 18. Qxa1 Nd7 19. Nb5 Ndf6 20. Nc4 g4 21. Nb6 g3 22.
Nxc8 gxf2+ 0-1

[Event "XXVI Memorial Edoardo Crespi A"]
[Site "Milano ITA"]
[Date "2005.12.09"]
[Round "4"]
[White "Facchetti, Gianni"]
[Black "Magrini, Fabrizio"]
[Result "1-0"]
[WhiteElo "2123"]
[BlackElo "2067"]
[PlyCount "53"]
[EventDate "2005.12.07"]

1. e4 c5 2. Nf3 a6 3. c3 d5 4. exd5 Qxd5 5. d4 e6 6. Be2 Nf6 7. O-O Be7 8. Nbd2
Nc6 9. Nc4 Qd8 10. dxc5 Qxd1 11. Rxd1 Bxc5 12. b4 b5 13. bxc5 bxc4 14. Nd4 Bd7
15. Ba3 Ne5 16. f4 Neg4 17. c6 Bc8 18. Nc2 e5 19. h3 Bf5 20. hxg4 Bxc2 21. Rd2
Be4 22. fxe5 Nd5 23. Bxc4 Ne3 24. Bb3 Bxc6 25. g5 g6 26. Re1 Nf5 27. e6 1-0

[Event "XXVI Memorial Edoardo Crespi A"]
[Site "Milano ITA"]
[Date "2005.12.09"]
[Round "4"]
[White "Fezza, Davide"]
[Black "Bellani, Alessandro"]
[Result "0-1"]
[WhiteElo "2033"]
[BlackElo "2116"]
[PlyCount "150"]
[EventDate "2005.12.07"]

1. e4 c5 2. Nf3 d6 3. d4 cxd4 4. Nxd4 Nf6 5. Nc3 g6 6. Be3 Bg7 7. f3 O-O 8. Bc4
Nc6 9. Qd2 Bd7 10. O-O-O d5 11. Nxd5 Ne5 12. Bb3 Nxd5 13. Bxd5 e6 14. Bb3 a5
15. a4 Qe8 16. Bh6 Bxa4 17. Bxg7 Kxg7 18. h4 h5 19. Qg5 Bxb3 20. Qxe5+ f6 21.
Qd6 Ra6 22. Qc7+ Rf7 23. Qc5 Ba2 24. g4 e5 25. gxh5 exd4 26. Rhg1 Qe5 27. Rxg6+
Kh7 28. Qxd4 Qxd4 29. Rxd4 Rc6 30. Kd2 Rfc7 31. c3 Bf7 32. Rg1 Bxh5 33. Ke3 Rb6
34. Rg2 Rg7 35. Rxg7+ Kxg7 36. Rd5 Bf7 37. Rxa5 Rxb2 38. Rc5 Be8 39. Kf4 Bc6
40. Kg3 Rb1 41. Kg2 Rd1 42. Kg3 Kf7 43. Kg4 Rg1+ 44. Kf4 Ke6 45. Ke3 Rh1 46.
Rh5 Kf7 47. Kf2 Kg6 48. Rc5 Rxh4 49. Kg2 Kf7 50. Kg3 Rh1 51. Kf4 Ke6 52. Ke3
Rh3 53. Rf5 b6 54. Kd4 Rg3 55. Rf4 Be8 56. Rf5 Rg5 57. Rf4 Bh5 58. Kd3 Ke5 59.
Ke3 Bf7 60. Rh4 Rg1 61. Rh7 Bc4 62. f4+ Kd6 63. Rh6 Ke7 64. e5 fxe5 65. Rxb6
Re1+ 66. Kf3 e4+ 67. Kf2 Re2+ 68. Kg3 Re3+ 69. Kg4 Rxc3 70. Kf5 e3 71. Ke5 e2
72. Rb7+ Kd8 73. Rb8+ Kc7 74. Rb1 Rf3 75. Rc1 Kd7 0-1

[Event "XXVI Memorial Edoardo Crespi A"]
[Site "Milano ITA"]
[Date "2005.12.09"]
[Round "4"]
[White "Fossati, Remigio"]
[Black "Martinez, Rolly"]
[Result "0-1"]
[WhiteElo "2178"]
[BlackElo "2409"]
[PlyCount "70"]
[EventDate "2005.12.07"]

1. d4 d5 2. c4 c6 3. Nf3 Nf6 4. Qc2 g6 5. Bf4 Bg7 6. e3 O-O 7. Nc3 c5 8. dxc5
Qa5 9. Rc1 Nc6 10. a3 dxc4 11. Bxc4 Qxc5 12. Nb5 Qh5 13. Nd2 e5 14. Bg3 Bf5 15.
e4 Bd7 16. Nb3 Rad8 17. O-O Bc8 18. f3 Qg5 19. f4 exf4 20. Bxf4 Qh5 21. Nd6 Ne5
22. Be2 Bg4 23. Bxg4 Nfxg4 24. Nxb7 Nd3 25. Nxd8 Nxf4 26. h3 Ne3 27. Qc5 Nxh3+
28. gxh3 Qxh3 29. Kf2 Ng4+ 30. Ke2 Qg2+ 31. Kd3 Rxd8+ 32. Kc4 Qxe4+ 33. Kb5
Rb8+ 34. Ka5 Rxb3 35. Rxf7 Kxf7 0-1

[Event "XXVI Memorial Edoardo Crespi A"]
[Site "Milano ITA"]
[Date "2005.12.09"]
[Round "4"]
[White "Frova, Martino"]
[Black "Attianese, Aniello"]
[Result "0-1"]
[WhiteElo "1899"]
[BlackElo "1974"]
[PlyCount "56"]
[EventDate "2005.12.07"]

1. e4 e6 2. d4 d5 3. e5 c5 4. c3 Nc6 5. Nf3 Qb6 6. Be2 cxd4 7. cxd4 Nh6 8. Nc3
Nf5 9. Na4 Qa5+ 10. Kf1 b5 11. g4 Nfxd4 12. Nxd4 Nxd4 13. Qxd4 bxa4 14. Bd2 Qb6
15. Qxa4+ Bd7 16. Qb3 Bc5 17. Qxb6 axb6 18. f4 Bd4 19. Bc3 Be3 20. f5 d4 21.
Bf3 Rc8 22. fxe6 fxe6 23. Re1 dxc3 24. Rxe3 c2 25. Kg2 c1=Q 26. Rxc1 Rxc1 27.
Rb3 b5 28. Bb7 O-O 0-1

[Event "XXVI Memorial Edoardo Crespi A"]
[Site "Milano ITA"]
[Date "2005.12.09"]
[Round "4"]
[White "Jara, Erik"]
[Black "Astengo, Corrado"]
[Result "1-0"]
[WhiteElo "2139"]
[BlackElo "2105"]
[PlyCount "105"]
[EventDate "2005.12.07"]

1. c4 c5 2. g3 Nf6 3. Bg2 e6 4. e4 d6 5. Nc3 Be7 6. Nge2 a6 7. d3 Nbd7 8. h3
Rb8 9. a4 Ne5 10. Be3 Qc7 11. O-O O-O 12. f4 Nc6 13. g4 Re8 14. g5 Nd7 15. b3
Nb4 16. Qd2 Bf8 17. Rad1 b6 18. f5 Ne5 19. Nf4 Bb7 20. f6 g6 21. Qf2 Nbc6 22.
Nfe2 Ba8 23. Qg3 Nb4 24. Bf4 Rbd8 25. h4 h5 26. gxh6 Kh7 27. Kh2 Rd7 28. Rg1
Qd8 29. Bg5 Bxh6 30. Nf4 Rh8 31. Rh1 Nbc6 32. Bxh6 Kxh6 33. Qg5+ Kh7 34. h5
Qxf6 35. hxg6+ Kg7+ 36. Nh5+ Rxh5+ 37. Qxh5 fxg6 38. Qh3 Kg8 39. Kg1 Nd4 40.
Rf1 Qg7 41. Kf2 Rf7+ 42. Ke3 Nc2+ 43. Kd2 Nd4 44. Kd1 Bc6 45. Qg3 Nxb3 46. Qg5
Rxf1+ 47. Rxf1 Qd7 48. Bh3 Nd4 49. Qh6 Qg7 50. Qg5 Qd7 51. Qf6 Qe8 52. Rh1
Bxa4+ 53. Kd2 1-0

[Event "XXVI Memorial Edoardo Crespi A"]
[Site "Milano ITA"]
[Date "2005.12.09"]
[Round "4"]
[White "Massironi, Marco"]
[Black "Giannetta, Paolo"]
[Result "1-0"]
[WhiteElo "2112"]
[BlackElo "2039"]
[PlyCount "65"]
[EventDate "2005.12.07"]

1. e4 d5 2. exd5 Qxd5 3. Nc3 Qa5 4. d4 Nf6 5. Bc4 c6 6. Nf3 Bf5 7. Bd2 Qb6 8.
Bb3 e6 9. Qe2 Nbd7 10. O-O-O Bb4 11. h3 Bxc3 12. Bxc3 Nd5 13. Bd2 h6 14. g4 Bh7
15. Ne5 Qc7 16. Rhe1 Nxe5 17. Qxe5 Qxe5 18. dxe5 O-O-O 19. c4 Nb6 20. Bb4 Rxd1+
21. Rxd1 Rd8 22. Rxd8+ Kxd8 23. Bf8 Bd3 24. Bxg7 Nxc4 25. Bc2 Bf1 26. h4 Be2
27. b3 Nb6 28. Bd1 Bd3 29. Bxh6 Nd5 30. Bg7 Nf4 31. h5 Ke7 32. Kd2 Bb1 33. Bc2
1-0

[Event "XXVI Memorial Edoardo Crespi A"]
[Site "Milano ITA"]
[Date "2005.12.09"]
[Round "4"]
[White "Nannelli, Paolo"]
[Black "Del Rey, Diego"]
[Result "1/2-1/2"]
[WhiteElo "2172"]
[BlackElo "2425"]
[PlyCount "43"]
[EventDate "2005.12.07"]

1. d4 d6 2. c4 e5 3. d5 f5 4. e4 Nf6 5. Nc3 fxe4 6. Nge2 Bf5 7. Ng3 Bg6 8. Bg5
Be7 9. Bxf6 gxf6 10. h4 Qd7 11. f3 e3 12. h5 Bf5 13. Qb3 Na6 14. Qxb7 Qc8 15.
Qxc8+ Bxc8 16. Bd3 Nc5 17. Bc2 Rg8 18. Nce2 h6 19. b4 Na6 20. Rb1 Rg5 21. O-O
Rg8 22. Nf5 1/2-1/2